000 01418pab a2200193 454500
008 180718b2012 xxu||||| |||| 00| 0 eng d
100 _aTiwari, Nupur
245 _aCentrality of panchayati raj in resettlement and rehabilitation
260 _c2012
300 _ap.733-739.
362 _aOct-Dec
520 _aThere is a wide role for panchayats in the land acquisition and rehabilitation process. Being closest to the people, the panchayats and their elected representatives have the feel of the pulse, the sufferings of the people and local conditions. Gram sabhas can play a meaningful role in selecting the beneficiaries, prioritising the beneficiaries to ensure gender and equity concerns and also in deciding the appropriate rehabilitation or reconstruction programme that is needed for the communities. Any legislation empowering the panchayats on land acquisition will make a much difference because if the people at the grassroots are legally empowered to raise objections to land acquisition then there will be a fair chance that the government may have to fight many stiff legal battles in order to proceed with development projects which would displace the poor and the marginalised from their hearth and homes. - Reproduced.
650 _aResettlement
650 _aRehabilitation
650 _aPanchayat
773 _aIndian Journal of Public Administration
908 _aN
909 _a101910
999 _c101908
_d101908